=LDR 00000nam 2200000 4500 =001 000808 =005 20250711114735 =035 ##$$a 0010-0725000678 =007 ta =008 250711################a##########0#ind## =020 ##$$a 978-623-307-719-4 =082 ##$$a 398.209 598 =084 ##$$a 398.209 598 JET s =100 #$$a Jetha Rya =245 1#$$a Sentuhan Dedaunan Hijau /$c Rya Jetha =250 ##$$a Cetakan Pertama 2024 =260 ##$$a Jakarta :$b Badan Pengembangan dan Pembinaan Bahasa,$c 2022 =300 ##$$a 16 hlm : $b Ilus. ; $c 22 cm =650 #4$$a Cerita Anak Indonesia - Terjemahan =650 #4$$a Literasi- Bahan Bacaan =990 ##$$a TBM202400604